000 00194nam a2200097Ia 4500
008 190216s9999||||xx |||||||||||||| ||und||
100 _aUroob
245 0 _aAniyara
260 _bNull
942 _cBK
999 _c23686
_d23686